| 000 | 00541nam a22001817a 4500 | ||
|---|---|---|---|
| 005 | 20251127182948.0 | ||
| 008 | 251125b |||||||| |||| 00| 0 eng d | ||
| 020 | _a978-93-88022-68-2 | ||
| 041 | _aeng | ||
| 082 | _a547 DWI-P | ||
| 100 |
_aDWIVEDI, DR. SHIVENDRA KUMAR _98810 |
||
| 245 | _aPRACTICAL LAB MANUAL OF PHARMACEUTICAL ORGANIC CHEMISTRY - II, [ B. PHARM, 3RD SEM] | ||
| 250 | _aRE P. ED. 2023 | ||
| 260 |
_aNEW DELHI _bINNOVATIVE PUBLICATION PVT. LTD _c2023 |
||
| 300 | _a101;P | ||
| 650 |
_aPHARMACY _xB.PHARMA |
||
| 942 | _cBK | ||
| 999 |
_c8990 _d8988 |
||